Multinational business finance / (Record no. 115138)

MARC details
000 -LEADER
campo de control de longitud fija 02549cam a2200445 i 4500
001 - NÚMERO DE CONTROL
campo de control 18623266
003 - IDENTIFICADOR DE NÚMERO DE CONTROL
campo de control BJBSDDR
005 - FECHA Y HORA DE LA ÚLTIMA TRANSACCIÓN
campo de control 20250819132334.0
007 - CAMPO FIJO DE DESCRIPCIÓN FÍSICA--INFORMACIÓN GENERAL
campo de control de longitud fija ta
008 - DATOS DE LONGITUD FIJA--INFORMACIÓN GENERAL
campo de control de longitud fija 150520s2016 maua 001 0 eng
010 ## - NÚMERO DE CONTROL DE LA BIBLIOTECA DEL CONGRESO
Número de control de LC 2015020241
020 ## - NÚMERO INTERNACIONAL ESTÁNDAR DEL LIBRO
Número Internacional Estándar del Libro 9781292097879
020 ## - NÚMERO INTERNACIONAL ESTÁNDAR DEL LIBRO
Número Internacional Estándar del Libro 1292097876
035 ## - NÚMERO DE CONTROL DEL SISTEMA
Número de control de sistema 18623266
040 ## - FUENTE DE CATALOGACIÓN
Centro catalogador/agencia de origen DLC
Lengua de catalogación eng
Centro/agencia transcriptor DLC
Normas de descripción rda
Centro/agencia modificador DLC
041 ## - CÓDIGO DE IDIOMA
Código de lengua del texto/banda sonora o título independiente eng
042 ## - CÓDIGO DE AUTENTICACIÓN
Código de autenticación pcc
050 14 - SIGNATURA TOPOGRÁFICA DE LA BIBLIOTECA DEL CONGRESO
Número de clasificación HG 4027.5
Número de ítem E36m 2016
082 00 - NÚMERO DE LA CLASIFICACIÓN DECIMAL DEWEY
Número de clasificación 658.15/99
100 1# - ENTRADA PRINCIPAL--NOMBRE DE PERSONA
Nombre de persona Eiteman, David K.,
Fechas asociadas al nombre 1930-
9 (RLIN) 15430
245 10 - MENCIÓN DEL TÍTULO
Título Multinational business finance /
Mención de responsabilidad, etc. David K. Eiteman, Arthur I. Stonehill, Michael H. Moffett.
250 ## - MENCION DE EDICION
Mención de edición Fourteenth edition; Global edition
264 #1 - PRODUCCIÓN, PUBLICACIÓN, DISTRIBUCIÓN, FABRICACIÓN Y COPYRIGHT
Producción, publicación, distribución, fabricación y copyright Boston :
Nombre del de productor, editor, distribuidor, fabricante Pearson,
Fecha de producción, publicación, distribución, fabricación o copyright 2016.
300 ## - DESCRIPCIÓN FÍSICA
Extensión 609 pages :
Otras características físicas illustrations ;
Dimensiones 26 cm
336 ## - TIPO DE CONTENIDO
Término de tipo de contenido text
Fuente rdacontent
337 ## - TIPO DE MEDIO
Nombre/término del tipo de medio unmediated
Fuente rdamedia
338 ## - TIPO DE SOPORTE
Nombre/término del tipo de soporte volume
Fuente rdacarrier
490 0# - MENCIÓN DE SERIE
Mención de serie Always learning
500 ## - NOTA GENERAL
Nota general Includes index.
505 0# - NOTA DE CONTENIDO CON FORMATO
Nota de contenido con formato Part I: Global Financial Environment1. Multinational Financial Management: Challenges and Opportunities2. The International Monetary System3. The Balance of Payments4. Financial Goals and Corporate GovernancePart II: Foreign Exchange Theory and Markets5. The Foreign Exchange Market6. International Parity ConditionsAppendix: An Algebraic Primer to Parity Conditions7. Foreign Currency Futures and OptionsAppendix: Foreign Currency Options Pricing Theory8: Interest Rate Derivatives and Swaps9. Exchange Rate Determination and ForecastingPart III: Foreign Exchange Exposure10. Transaction ExposureAppendix: Complex Option Hedges11. Translation Exposure12. Operating ExposurePart IV: Financing the Global Firm13. The Global Cost and Availability of Capital14. Raising Equity and Debt GloballyAppendix: Financial Structure of Foreign Subsidiaries15. Multinational Tax Management16. International Trade FinancePart V: Foreign Investment Decisions17. Foreign Direct Investment and Political Risk18. Multinational Capital Budgeting and Cross-Border AcquisitionsAnswers to select end-of-chapter questionsGlossaryIndex
650 #0 - PUNTO DE ACCESO ADICIONAL DE MATERIA--TÉRMINO DE MATERIA
Término de materia o nombre geográfico como elemento de entrada International business enterprises
Subdivisión general Finance.
650 #4 - PUNTO DE ACCESO ADICIONAL DE MATERIA--TÉRMINO DE MATERIA
Término de materia o nombre geográfico como elemento de entrada Empresas comerciales internacionales
Subdivisión general Finanzas
9 (RLIN) 43293
650 #4 - PUNTO DE ACCESO ADICIONAL DE MATERIA--TÉRMINO DE MATERIA
Término de materia o nombre geográfico como elemento de entrada Finanzas internacionales
9 (RLIN) 2107
700 1# - ENTRADA AGREGADA--NOMBRE PERSONAL
Nombre de persona Stonehill, Arthur I.
9 (RLIN) 15431
700 1# - ENTRADA AGREGADA--NOMBRE PERSONAL
Nombre de persona Moffett, Michael H.
9 (RLIN) 15432
830 #0 - PUNTO DE ACCESO ADICIONAL DE SERIE-TÍTULO UNIFORME
Título uniforme Always learning
9 (RLIN) 11920
906 ## - ELEMENTOS DE DATOS F LOCAL, LDF (RLIN)
a 7
b cbc
c orignew
d 1
e ecip
f 20
g y-gencatlg
942 ## - ELEMENTOS DE ENTRADA SECUNDARIOS (KOHA)
Fuente del sistema de clasificación o colocación Clasificación de Library of Congress
Tipo de ítem Koha Libro
Holdings
Estatus retirado Estado de pérdida Fuente del sistema de clasificación o colocación Estado de daño No para préstamo Colección Biblioteca de origen Biblioteca actual Ubicación en estantería Fecha de adquisición Signatura topográfica completa Código de barras Visto por última vez Copia número Tipo de ítem Koha
    Clasificación de Library of Congress     Ciencias Sociales Biblioteca Juan Bosch Biblioteca Juan Bosch Ciencias Sociales (3er. Piso) 06/04/2021 HG 4027.5 E36m 2016 00000149954 06/04/2021 1 Libro